Crear: cómo se desarrolla una mente creativa
Sparad:
| Huvudupphovsman: | |
|---|---|
| Materialtyp: | Bok |
| Språk: | spanska |
| Publicerad: |
Madrid
MARCEA S. A de Ediciones
2011
|
| Upplaga: | 1a. ed |
| Serie: | Didáctica de las Operaciones Mentales, 2
|
| Ämnen: | |
| Taggar: |
Lägg till en tagg
Inga taggar, Lägg till första taggen!
|
MARC
| LEADER | 00000cam a2200000 a 4500 | ||
|---|---|---|---|
| 001 | UCE2862 | ||
| 003 | CL-VaPUC | ||
| 008 | 140731e20110000sp |||||||||||||||||spa|d | ||
| 020 | |a 9788427717343 | ||
| 082 | 0 | 4 | |a 153.35 |b COR |2 21 |
| 100 | 0 | |a Corradini, Matteo |e author |9 575417 | |
| 245 | 1 | 0 | |a Crear: cómo se desarrolla una mente creativa |
| 250 | |a 1a. ed | ||
| 300 | |a 109 p | ||
| 942 | |c BK | ||
| 945 | |d 20140731 15:45:00 |a dcastane | ||
| 260 | |a Madrid |b MARCEA S. A de Ediciones |c 2011 | ||
| 650 | 0 | |a Creatividad |9 310816 | |
| 650 | 0 | |a Procesos mentales superiores |9 330839 | |
| 583 | |a last modification |c 20170303 05:12:21 |k Rodrigo Vera | ||
| 490 | 0 | |a Didáctica de las Operaciones Mentales, 2 | |
| 999 | |c 356402 |d 356400 | ||
| 952 | |0 0 |1 0 |3 erb |4 0 |6 153_350000000000000_COR_2011 |7 0 |8 A |9 463723 |a BIBEDU |b BIBEDU |i 5092566 |o 153.35 COR 2011 |p 5092566 |r 2019-11-23 |w 2019-11-23 |y BK |z Catalogado en:20140731 |k LIT | ||
| 952 | |0 0 |1 0 |3 erb |4 0 |6 153_350000000000000_COR_2011 |7 0 |8 A |9 463724 |a BIBEDU |b BIBEDU |i 5120098 |l 1 |o 153.35 COR 2011 |p 5120098 |r 2024-04-12 |s 2024-04-04 |w 2019-11-23 |y BK |z Catalogado en:20141023 |k EPE | ||
| 952 | |0 0 |1 0 |3 erb |4 0 |6 153_350000000000000_COR_2011 |7 0 |8 A |9 463725 |a BIBEDU |b BIBEDU |i 5362881 |l 1 |o 153.35 COR 2011 |p 5362881 |r 2025-04-10 |s 2025-04-03 |w 2019-11-23 |y BK |z Catalogado en:20170309 |k FIL | ||